Justin časopis Združenia sudcov Slovenska

Bibliographic Details
Other Authors: Rohárik, Pavel, 1963- (Publishing director), Dubovcová, Jana, 1952-2026 (Publishing director)
Format: Journal
Language:Slovak
PhysicalDescription:8 zv. 23 cm
Published: Banská Bystrica Združenie sudcov Slovenska 1995-2002
ISSN:1336-0698
Subjects:

MARC

LEADER 00000cas a2200000 a 4500
001 vtls008880480
003 SK-MaSNL
005 20260507162626.0
008 150225d19952002xo r|p 0 0 b0slo c
022 |a 1336-0698 
035 |a (SVKBB03)vtls000038371 
040 |a SVKBB  |b slo  |c SVKBB  |d SNK  |e AACR2 
041 0 |a slo 
044 |a xo  |c SK 
072 7 |a 347.9  |x Občianske súdne konanie. Súdnictvo  |2 konspekt 
080 |a 050  |2 2001 
080 |a 347.99  |2 2001 
210 0 |a Justin 
222 0 |a Justin 
245 0 0 |a Justin  |b časopis Združenia sudcov Slovenska 
260 |a Banská Bystrica  |b Združenie sudcov Slovenska  |c 1995-2002 
300 |a 8 zv.  |c 23 cm 
310 |a nepravidelne 
362 0 |a Roč. 1, č. 1 (1995)-roč. 8, č. 2 (2002) 
500 |a Ved. red.: 1995-1996, Arnošt Škorpil ; šéfredaktor: 1997, Pavel Rohárik ; 1998-2002, Jana Dubovcová 
500 |a Tlač. OTAVA, Slovenská Lupča, od č. 6/1997 Merkantil, Banská Bystrica 
500 |a Reg. číslo: MK SR 1227/95 
650 0 7 |a súdnictvo  |2 SNKPH  |9 2632 
655 7 |a špecializované časopisy  |2 SNKPH  |9 70509 
700 1 |a Škorpil, Arnošt  |4 red  |9 270723 
700 1 |a Rohárik, Pavel,  |d 1963-  |4 pbd  |9 5791 
700 1 |a Dubovcová, Jana,  |d  1952-2026  |4 pbd  |9 1638443 
910 |a snk 
916 |a 1995-2002 
958 |a OND 
999 |c 7435  |d 9365 
952 |t č. 1-4  |a SNK  |b SNK  |y PREZ  |7 0  |p 17A1556312  |o snkČSC 3325/5/1999 D1  |i snkČSP 2454/2001  |0 0  |1 0  |4 0  |d 2025-09-25  |l 0  |r 2026-02-21 20:02:10  |w 2026-02-21 
952 |t č. 1  |a SNK  |b SNK  |y PREZ  |7 0  |p 17A1089740  |o snkČSC 3325/7/2001 D1  |i snk2015/2692  |8 0  |0 0  |1 0  |4 0  |d 2015-01-28  |l 0  |r 2026-02-21 20:14:43  |w 2026-02-21 
952 |t č. 1-4  |a SNK  |b SNK  |y PREZ  |7 0  |p 17A1089738  |o snkČSC 3325/6/2000 D1  |i snk2015/2684  |8 0  |0 0  |1 0  |4 0  |d 2015-01-28  |l 0  |r 2026-02-21 20:52:21  |w 2026-02-21 
952 |t č. 1  |a SNK  |b SNK  |y PREZ  |7 0  |p 17A1089739  |o snkČSC 3325/7/2001  |i snk2015/2689  |8 0  |f 1  |0 0  |1 0  |4 0  |d 2015-01-28  |l 0  |r 2026-02-21 20:52:21  |w 2026-02-21 
952 |t č. 1-2, neúplné  |a SNK  |b SNK  |y PREZ  |7 0  |p 17A1089741  |o snkČSC 3325/8/2002  |i snk2015/2711  |8 0  |z chýba č. 1  |f 1  |0 0  |1 0  |4 0  |d 2015-01-28  |l 0  |r 2026-02-21 20:52:21  |w 2026-02-21 
952 |t č. 1-2, neúplné  |a SNK  |b SNK  |y PREZ  |7 0  |p 17A1089742  |o snkČSC 3325/8/2002 D1  |i snk2015/2736  |8 0  |z chýba č. 1  |0 0  |1 0  |4 0  |d 2015-01-28  |l 0  |r 2026-02-21 20:52:21  |w 2026-02-21 
952 |t č. 1-5  |a SNK  |b SNK  |y PREZ  |7 0  |p 17A1029548  |o snkČSC 3325/1/1995  |i snkČSP 1707/2001  |f 1  |0 0  |1 0  |4 0  |d 2015-01-28  |l 0  |r 2026-02-21 20:52:52  |w 2026-02-21 
952 |t č. 1-4  |a SNK  |b SNK  |y PREZ  |7 0  |p 17A1029552  |o snkČSC 3325/2/1996  |i snkČSP 1709/2001  |f 1  |0 0  |1 0  |4 0  |d 2015-01-28  |l 0  |r 2026-02-21 20:52:52  |w 2026-02-21 
952 |t č. 1-6  |a SNK  |b SNK  |y PREZ  |7 0  |p 17A1029549  |o snkČSC 3325/3/1997  |i snkČSP 1713/2001  |f 1  |0 0  |1 0  |4 0  |d 2015-01-28  |l 0  |r 2026-02-21 20:52:53  |w 2026-02-21 
952 |t č. 1-5  |a SNK  |b SNK  |y PREZ  |7 0  |p 17A1029551  |o snkČSC 3325/4/1998  |i snkČSP 1711/2001  |f 1  |0 0  |1 0  |4 0  |d 2015-01-28  |l 0  |r 2026-02-21 20:52:53  |w 2026-02-21 
952 |t č. 1-4  |a SNK  |b SNK  |y PREZ  |7 0  |p 17A1029550  |o snkČSC 3325/5/1999  |i snkČSP 2453/2001  |f 1  |0 0  |1 0  |4 0  |d 2015-01-28  |l 0  |r 2026-02-21 20:52:53  |w 2026-02-21 
952 |t č. 1-4  |a SNK  |b SNK  |y PREZ  |7 0  |p 17A1089737  |o snkČSC 3325/6/2000  |i snk2015/2671  |8 0  |f 1  |0 0  |1 0  |4 0  |d 2015-01-28  |l 0  |r 2026-02-21 20:52:53  |w 2026-02-21 
952 |t č. 1-6  |a SNK  |b SNK  |y PREZ  |7 0  |p 17A0498428  |o snkČSC 3325/4/1998 D1  |i snkČSP 1712/2001  |3 rekatalogizácia  |0 0  |1 0  |4 0  |d 2006-02-09  |l 0  |r 2026-02-21 21:08:33  |w 2026-02-21